LEADER 01475nam a2200337 a 4500 001 000000133182 003 CaOOAMICUS 005 20130314121756.0 008 130314s2000 it u000 u ita r 020 $a8879992554 040 $aPUL$bita 082 04$a321.8 245 03$aLa democrazia nel pensiero politico del Novecento /$cantologia di testi a cura di Claudio Vasale, Paolo Armellini ; scritti di Ettore A. Albertoni ... [et al.]. 246 34$aDemocrazia nel Novecento 260 $aRoma :$bAracne,$c©2000. 300 $a523 p. ;$c24 cm 504 $aBibliografia in nota. 650 4$aDemocrazia$xTeorie$ySec. XX.$0(OLS)http://pul/subject/39437 650 4$aPolitica$ySec. XX.$0(OLS)http://pul/subject/23018 700 1 $aVasale, Claudio.$0(OLS)http://pul/name/855 700 1 $aAlbertoni, Ettore A.$0(OLS)http://pul/name/40574 700 1 $aArmellini, Paolo.$0(OLS)http://pul/name/34744 850 $aPUL 852 $aPUL$W1$xSL Diritto e Scienze Sociali 3$y79$m321. 8 VASCL 1$j153120$qDDC 21$B152616$CPULBib$Z2$F152616 $H121952 $82 941 1 $a9 996 $6020$a8879992554$9(OLS)http://pul/number/74117 996 $6082$a321.8$9(OLS)http://pul/classification/710 996 $6246$aDemocrazia nel Novecento$9(OLS)http://pul/title/78345 996 $6245$aLa democrazia nel pensiero politico del Novecento$9(OLS)http://pul/title/78344 996 $6260$aRoma :$bAracne$9(OLS)http://pul/publisher/62189 LEADER 01433nam a2200313 u 4500 001 000000047864 003 CaOOAMICUS 005 20070226114931.0 008 000224s1999 it cf u000 u ita u 020 $a88-87114-42-0 035 $a10842399 040 $aEFR$bita$dBAV 100 1 $aRicci, Pier Giorgio,$d1912-1976.$0(OLS)http://pul/name/14977 245 10$aMiscellanea petrarchesca /$cPier Giorgio Ricci ; a cura di Monica Berté. 260 $aRoma :$bEdizioni di Storia e Letteratura,$c1999. 300 $axiv, 236 p., [1] f. de pl. :$bportr. ;$c25 cm 490 1 $aStoria e letteratura ;$v203 500 $aIndex: p. [227]-236. 500 $aRecueil d'articles déjà parus. 504 $aBibliographie en note. 600 10$aPetrarca, Francesco,$d1304-1374$xCriticism and interpretation.$2//eng$0(OLS)http://pul/subject/20191 700 1 $aBerté, Monica.$0(OLS)http://pul/name/34770 830 0$aStoria e letteratura (Edizioni di storia e letteratura) ;$v203.$0(OLS)http://pul/title/1028 850 $aPUL 852 $aPUL$W1$xDP1 Cons. Gen., Altre Classi 1$y22$m1039 G 1.203$j179839$nBK-PRI$b $qStampati$B63887$CPULBib$Z2$F63887 $H100640 $81 941 1 $a8 996 $6020$a88-87114-42-0$9(OLS)http://pul/number/59924 996 $6245$aMiscellanea petrarchesca$9(OLS)http://pul/title/64431 996 $6260$aRoma :$bEdizioni di Storia e Letteratura$9(OLS)http://pul/publisher/48123 LEADER 01606nam a2200349 u 4500 001 000000057050 003 CaOOAMICUS 005 20070226120536.0 008 010426s2000 it u000 u ita u 020 $a8870181243 035 $a10886627 040 $aPUL$bita 041 1 $aita$hger 100 1 $aHeidegger, Martin,$d1889-1976.$0(OLS)http://pul/name/5737 240 10$aMetaphysische Anfangsgründe.$lItaliano.$0(OLS)http://pul/title/76343 245 10$aPrincipi metafisici della logica /$cMartin Heidegger ; a cura di Klaus Held ; edizione italiana a cura di Giovanni Moretto. 260 $aGenova :$bIl nuovo melangolo,$cc2000. 300 $a268 p. ;$c24 cm 490 1 $aOpera ;$v8 504 $aBibliografia in nota. 650 4$aLogica.$0(OLS)http://pul/subject/441 650 4$aMetafisica.$0(OLS)http://pul/subject/433 700 1 $aMoretto, Giovanni,$d1939-2006.$0(OLS)http://pul/name/6281 700 1 $aHeld, Klaus,$d1936-2023.$0(OLS)http://pul/name/39936 800 1 $aHeidegger, Martin,$d1889-1976.$tOpere$9(Heidegger, Martin, 1889-1976) ;$v8.$0(OLS)http://pul/nameTitle/143$0(OLS)http://pul/name/5737$0(OLS)http://pul/title/76340 850 $aPUL 852 $aPUL$W1$xSL Filosofia 2$y80$mPhil A28 8$j74715$nBK-PRI$b $qStampati altre collocazioni$B74715$CPULBib$Z2$F74715 $H $81 941 1 $a10 961 $aINV: 84853 996 $6020$a8870181243$9(OLS)http://pul/number/72032 996 $6245$aPrincipi metafisici della logica$9(OLS)http://pul/title/76344 996 $6260$aGenova :$bIl nuovo melangolo$9(OLS)http://pul/publisher/69686